00476 2200169 4500245008000000020002200080250001100102100002200113700001800135650004300153005001900196260003100215041001400246084000800260300002900268336000900297 aPizza , Love , and Other Stuff that Made Me FamouscWilliams, KathrynhText a978-602-7816-15-2 aCet. 1 aWilliams, Kathryn aPutra Nugroho aFiksi Inggris (dalam Bahasa Indonesia) a20230118132756 aJakartabNoura Booksc2013 aIndonesia a823 aviii, 320 hlm. :c19 cm. atext